00734 2200229 4500001002100000005001500021035002000036008004100056245012900097100002700226250001000253260003500263300005500298020002200353084001600375082001000391650002800401700002700429504002600456990001100482990001100493INLIS00000000001170520220616020312 a0010-0622000215220616 g 0 ind 1 a99 Permainan Edukatif :buntuk Melatih Kecerdasan & Kreativitas Anak /cWinkanda Satria Putra; editor, Rose Kusumaning Ratri aWINKANDA, Satria Putra acet.1 aJogjakarta :bKata Hati,c2013 a223 hal. :bilus. ;c15 x 23 cm.-- Seri Edutainmen a978-602-17308-8-1 a790.1 WIN s a790.1 4aPERMAINAN. KREATIF ANAK0 aROSE, Kusumaning Ratri aBibliografi : hal.223 a7592 a a7592 b